000 00621nam a22001935i 4500
001 168543
003 ES-MaACL
005 20250822035018.0
008 080417s1967 sp |||| | spa d
080 _a159.9:248
100 1 _aMac Laughlin, Barry.
_9137633
245 1 0 _aPsicología de la espiritualidad religiosa /
_cBarry Mac Laughlin ; [versión... por Francisco Migoya].
260 _aBilbao :
_bMensajero,
_c1967.
300 _a217 p. ;
_c20 cm.
650 1 7 _aPsicología religiosa
_2embne
_916571
700 1 _aMigoya, Francisco.
_9137634
852 _aES-MaACL
_jC-32481
_9R.63009
999 _c168543
_d168543